Downton Abbey - Statistics

General Stats
  • This quiz has been taken 423 times
  • The average score is 11 of 15
Answer Stats
Downton Trivia Answer % Correct
Middle daughter of Lord Grantham: Edith
98%
Kitchen Maid married to William Daisy
97%
Who married Anna Smith? John Bates
95%
Mischeivious Footman/Valet Thomas Barrow
93%
Lady's Maid to Lady Grantham O'Brien
92%
Cora's mother lives where? America
91%
Violet's title Dowager Countess of Grantham
87%
Matthew's fiance Lavinia Swire
86%
County of _________ in England. Yorkshire
84%
Local Doctor Dr. Clarkson
80%
Turkish Ambassador Pamuk
72%
Scotland Castle Duneagle
51%
Name of hotel in the village: Grantham Arms
47%
What hangs in the gallery? Coat of Arms
11%
Isobel Crawley's maiden name Turnbull
5%
No matching quizzes found
Score Distribution
Percent of People with Each Score
Percentile by Number Answered
Your Score History
You have not taken this quiz